[Event "32nd ECC Open 2016"]
[Site "Novi Sad SRB"]
[Date "2016.11.08"]
[Round "3.6"]
[Board "1"]
[White "Svidler, Peter"]
[Black "Bluebaum, Matthias"]
[Result "1-0"]
[WhiteTitle "GM"]
[BlackTitle "GM"]
[WhiteElo "2742"]
[BlackElo "2641"]
[WhiteTeam "Mednyi Vsadnik"]
[BlackTeam "SV Werder Bremen"]
[WhiteFideId "4102142"]
[BlackFideId "24651516"]
[EventDate "2016.11.06"]

1. e4 e6 2. d4 d5 3. Nc3 Nf6 4. e5 Nfd7 5. f4 c5 6. Nf3 Nc6 7. Be3 a6 8. Qd2 b5
9. a3 Qa5 10. Rb1 Rb8 11. Nd1 Qxd2+ 12. Kxd2 cxd4 13. Nxd4 Nxd4 14. Bxd4 Be7 15.
Bd3 O-O 16. Nf2 Nb6 17. b3 Bd7 18. Ra1 Bc6 19. Be2 a5 20. h4 Nd7 21. Nd3 b4 22.
axb4 axb4 23. Ra7 Bb5 24. Bg4 g6 25. h5 Rfd8 26. hxg6 hxg6 27. Nf2 Bc5 28. Bxc5
Nxc5 29. Bf3 Ra8 30. Rc7 Rac8 31. Rxc8 Rxc8 32. Ra1 Ba6 33. Ra5 Rc6 34. Ke3 Kf8
35. Ng4 Ke7 36. Kd4 Nd7 37. Ne3 Nb8 38. Bxd5 exd5 39. Nxd5+ Kf8 40. Nxb4 Rxc2
41. Nxa6 Nxa6 42. Rxa6 Rxg2 43. b4 Rb2 44. Kc4 Ke7 45. b5 Rc2+ 46. Kb4 Rb2+ 47.
Ka5 Re2 48. Rc6 Ra2+ 49. Kb6 Ra4 50. Rf6 Re4 51. Kc7 g5 52. b6 gxf4 53. b7 Rxe5
54. Rxf4 Rb5 55. b8=Q Rxb8 56. Kxb8 Ke6 57. Kc7 f5 58. Rf1 Ke5 59. Kd7 1-0

[Event "32nd ECC Open 2016"]
[Site "Novi Sad SRB"]
[Date "2016.11.08"]
[Round "3.6"]
[Board "2"]
[White "Werle, Jan"]
[Black "Dominguez Perez, Leinier"]
[Result "1/2-1/2"]
[WhiteTitle "GM"]
[BlackTitle "GM"]
[WhiteElo "2551"]
[BlackElo "2752"]
[WhiteTeam "SV Werder Bremen"]
[BlackTeam "Mednyi Vsadnik"]
[WhiteFideId "1006088"]
[BlackFideId "3503240"]
[EventDate "2016.11.06"]

1. d4 Nf6 2. c4 g6 3. Nf3 Bg7 4. g3 c5 5. Bg2 O-O 6. Nc3 cxd4 7. Nxd4 Qc7 8. Qd3
Nc6 9. O-O d6 10. b3 Nxd4 11. Qxd4 Ne4 12. Nd5 Bxd4 13. Nxc7 Rb8 14. Bxe4 Bxa1
15. Be3 Bf6 16. Bxa7 Bh3 17. Rd1 Ra8 18. Nxa8 Rxa8 19. Be3 Rxa2 20. Bxb7 Be6 21.
Bd5 Rxe2 22. Bxe6 fxe6 23. c5 dxc5 24. Bxc5 Rb2 25. Rd8+ Kf7 26. b4 e5 27. Rb8
Ke6 28. b5 e4 29. b6 Be5 30. Re8 Bd6 31. Be3 h5 32. Kg2 Rb1 33. Kh3 Rb5 34. Rg8
Kf7 35. Rc8 Ke6 36. Rc4 Kf5 37. Kg2 Rb1 38. Ra4 Ke5 39. Ra5+ Ke6 40. h3 Be5 41.
g4 hxg4 42. hxg4 Bd6 43. Ra4 Kd5 44. Rd4+ Ke5 45. Rc4 Kd5 46. Rc8 Ke6 47. Rg8
Kf7 48. Rh8 Ke6 49. Rh6 Kf6 50. Rh1 Rb3 51. Rc1 Ke6 52. Kf1 Rb2 53. Rc4 Kd5 54.
Rd4+ Ke5 55. Ra4 Rb1+ 56. Ke2 Bb4 57. f4+ exf3+ 58. Kxf3 Rb3 59. Ke2 Kd5 60. Kd1
Bd6 61. Ke2 Bb4 62. Kd1 Bc5 63. Bxc5 Kxc5 64. Ra7 e5 65. b7 Kc6 66. Ra6+ Kd5 67.
Rxg6 Rxb7 68. Ra6 Ke4 69. g5 Kf3 70. Ra3+ Kf2 71. Ra2+ Kf3 72. Ra3+ Kf2 73. Ra2+
Kf1 74. Kd2 Kf2 75. Kd1+ Kf3 1/2-1/2

[Event "32nd ECC Open 2016"]
[Site "Novi Sad SRB"]
[Date "2016.11.08"]
[Round "3.6"]
[Board "3"]
[White "Vitiugov, Nikita"]
[Black "Babula, Vlastimil"]
[Result "1/2-1/2"]
[WhiteTitle "GM"]
[BlackTitle "GM"]
[WhiteElo "2718"]
[BlackElo "2548"]
[WhiteTeam "Mednyi Vsadnik"]
[BlackTeam "SV Werder Bremen"]
[WhiteFideId "4152956"]
[BlackFideId "301264"]
[EventDate "2016.11.06"]

1. e4 c5 2. Nf3 e6 3. d4 cxd4 4. Nxd4 Nc6 5. Nc3 d6 6. g4 Nge7 7. Be3 a6 8. Nb3
b5 9. f4 Bb7 10. Qe2 Na5 11. Nxa5 Qxa5 12. Qf2 Nc8 13. Bg2 Be7 14. O-O O-O 15.
g5 Bd8 16. f5 b4 17. Ne2 exf5 18. exf5 Bxg2 19. Qxg2 Nb6 20. Bd4 Qd5 21. Rad1
Qxg2+ 22. Kxg2 Rc8 23. c3 Re8 24. Nf4 bxc3 25. bxc3 Nc4 26. h4 Bb6 27. Bxb6 Nxb6
28. Rfe1 Rxe1 29. Rxe1 Kf8 30. Rb1 Nd7 31. Rb7 Ke8 32. Ra7 Rc5 33. c4 Ne5 34.
Nh5 Rxc4 35. Nxg7+ Kd8 36. Rxa6 Rxh4 37. Rxd6+ Kc8 38. Rd5 Rg4+ 39. Kh3 Rxg5 40.
Ne8 f6 41. Nxf6 Rxf5 42. Ng4 Rf3+ 43. Kg2 Ra3 44. Nxe5 Rxa2+ 45. Kf3 Ra7 46. Rd6
Ra4 47. Rh6 Kc7 48. Ke3 Rb4 49. Nf3 Rg4 50. Nd4 Kd7 51. Kd3 Rg6 52. Rxh7+ Kd6
53. Ra7 Rg1 54. Nf5+ Ke6 55. Ra5 Kf6 56. Ne3 Rh1 57. Ng4+ Ke6 58. Ke4 Kd6 59.
Nf2 Rh4+ 60. Kd3 Ke6 61. Ne4 Rh1 62. Ra8 Ke5 63. Re8+ Kd5 64. Nc3+ Kc5 65. Rd8
Rh3+ 66. Kc2 Kc4 67. Ne2 Rh2 1/2-1/2

[Event "32nd ECC Open 2016"]
[Site "Novi Sad SRB"]
[Date "2016.11.08"]
[Round "3.6"]
[Board "4"]
[White "Koop, Thorben"]
[Black "Bu, Xiangzhi"]
[Result "0-1"]
[WhiteTitle "IM"]
[BlackTitle "GM"]
[WhiteElo "2430"]
[BlackElo "2698"]
[WhiteTeam "SV Werder Bremen"]
[BlackTeam "Mednyi Vsadnik"]
[WhiteFideId "24661619"]
[BlackFideId "8601445"]
[EventDate "2016.11.06"]

1. Nf3 c5 2. c4 Nc6 3. Nc3 g6 4. e3 Nf6 5. d4 cxd4 6. exd4 d5 7. Bg5 Be6 8. Bxf6
exf6 9. h3 Bg7 10. Be2 O-O 11. O-O f5 12. Rc1 dxc4 13. d5 Bxc3 14. dxe6 Bxb2 15.
exf7+ Kg7 16. Rxc4 Qxd1 17. Rxd1 Rxf7 18. Rb1 Bf6 19. Rc5 Rc8 20. g3 b6 21. Rd5
Rd8 22. Rxd8 Nxd8 23. Rc1 Nb7 24. Rc8 Nd6 25. Rc6 Rd7 26. Bd1 Ne4 27. Bb3 Bd8
28. Ba4 Rd3 29. Kg2 Rc3 30. Nd4 Bf6 31. Ne6+ Kf7 32. Bb3 Ke7 33. Rxc3 Bxc3 34.
Nf4 Kd6 35. Nd3 b5 36. Bg8 Nf6 37. Bf7 a5 38. Kf3 a4 39. Ke2 Ke7 0-1

[Event "32nd ECC Open 2016"]
[Site "Novi Sad SRB"]
[Date "2016.11.08"]
[Round "3.6"]
[Board "5"]
[White "Rodshtein, Maxim"]
[Black "Grigorian, Spartak"]
[Result "1/2-1/2"]
[WhiteTitle "GM"]
[WhiteElo "2696"]
[BlackElo "2280"]
[WhiteTeam "Mednyi Vsadnik"]
[BlackTeam "SV Werder Bremen"]
[WhiteFideId "2806851"]
[BlackFideId "24661490"]
[EventDate "2016.11.06"]

1. d4 Nf6 2. c4 e6 3. Nf3 d5 4. Nc3 Bb4 5. Bg5 h6 6. Bxf6 Qxf6 7. Qb3 c5 8. cxd5
exd5 9. a3 cxd4 10. axb4 dxc3 11. Qxc3 Qxc3+ 12. bxc3 Be6 13. e3 Ke7 14. Kd2 Nd7
15. Nd4 Rhc8 16. Ra5 a6 17. Be2 Nf6 18. f3 Ne8 19. Rha1 Rab8 20. Bd3 Nd6 21. Rc5
Kd7 22. g4 Rc7 23. h3 Rbc8 24. Raa5 f6 25. f4 Bf7 26. Bf5+ Nxf5 27. Nxf5 Rxc5
28. bxc5 Bg6 29. Nd4 Be4 30. c6+ bxc6 31. Rxa6 Rc7 32. f5 Rb7 33. Rxc6 Rb2+ 34.
Ke1 Rh2 35. Ra6 Rxh3 36. Kf2 h5 37. Ra7+ Kd6 38. gxh5 Rxh5 39. Rxg7 Bxf5 40. Rf7
Ke5 41. Nf3+ Ke6 42. Ra7 Bd3 43. Nd4+ Kd6 44. Rf7 Rh6 45. Kg3 Be4 46. Kg4 Bd3
47. Kf4 Rh4+ 48. Kg3 Rh6 49. Kg4 Be4 50. Rb7 Rh1 51. Rb6+ Ke7 52. Rb7+ Kd6 53.
Rb6+ 1/2-1/2

[Event "32nd ECC Open 2016"]
[Site "Novi Sad SRB"]
[Date "2016.11.08"]
[Round "3.6"]
[Board "6"]
[White "Charmeteau, Sven"]
[Black "Fedoseev, Vladimir3"]
[Result "0-1"]
[BlackTitle "GM"]
[WhiteElo "2305"]
[BlackElo "2673"]
[WhiteTeam "SV Werder Bremen"]
[BlackTeam "Mednyi Vsadnik"]
[WhiteFideId "638285"]
[BlackFideId "24130737"]
[EventDate "2016.11.06"]

1. e4 c6 2. d4 d5 3. Nd2 dxe4 4. Nxe4 Nd7 5. Ng5 h6 6. Ne6 Qb6 7. Bd3 fxe6 8.
Bg6+ Kd8 9. Nf3 e5 10. Nxe5 Nxe5 11. dxe5+ Kc7 12. e6 Qb4+ 13. Bd2 Qc4 14. Bf5
Bxe6 15. b3 Qd5 16. Bf4+ Kd7 17. c4 Qxd1+ 18. Rxd1+ Ke8 19. Bxe6 Nf6 20. h4 g6
21. g4 Bg7 22. f3 Nh7 23. Kf2 Nf8 24. Rhe1 Nxe6 25. Rxe6 Kf7 26. Rde1 Rhe8 27.
h5 g5 28. Bc1 Rad8 29. f4 Bc3 30. R1e2 Rd1 31. Ba3 Bd4+ 32. Kg2 gxf4 33. Rxe7+
Rxe7 34. Rxe7+ Kf6 35. Rd7 Kg5 36. Kf3 Rf1+ 37. Ke2 Rf2+ 38. Ke1 Be3 39. Rg7+
Kh4 40. Be7+ Kg3 41. g5 hxg5 42. h6 Kf3 43. Bxg5 Rc2 44. Rd7 Rg2 0-1

[Event "32nd ECC Open 2016"]
[Site "Novi Sad SRB"]
[Date "2016.11.08"]
[Round "3.7"]
[Board "1"]
[White "Sethuraman, S.P."]
[Black "Mamedov, Rauf"]
[Result "1/2-1/2"]
[WhiteTitle "GM"]
[BlackTitle "GM"]
[WhiteElo "2649"]
[BlackElo "2684"]
[WhiteTeam "Itaka"]
[BlackTeam "Odlar Yurdu"]
[WhiteFideId "5021596"]
[BlackFideId "13401653"]
[EventDate "2016.11.06"]

1. d4 d5 2. c4 c6 3. Nf3 Nf6 4. e3 Bf5 5. Nc3 e6 6. Nh4 Be4 7. f3 Bg6 8. Qb3 Qc7
9. Bd2 Be7 10. g3 Bh5 11. Be2 dxc4 12. Qxc4 Nbd7 13. e4 a6 14. a4 O-O 15. O-O b5
16. axb5 axb5 17. Qd3 b4 18. Na4 Rfd8 19. Be3 Ne8 20. Ng2 c5 21. Qc2 cxd4 22.
Qxc7 Nxc7 23. Bxd4 e5 24. Be3 Ne6 25. Kf2 f6 26. Bc4 Bf7 27. Bd5 Rac8 28. Rfd1
Nd4 29. Bxf7+ Kxf7 30. Bxd4 exd4 31. Ne1 Ra8 32. b3 Rdc8 33. Rxd4 Ne5 34. Rdd1
Nc6 35. Rac1 Na5 36. Rxc8 Rxc8 37. Rb1 Ra8 38. Ke2 Nxb3 39. Rxb3 Rxa4 40. Nc2
Ra8 41. Rb2 h5 42. Nxb4 Bxb4 1/2-1/2

[Event "32nd ECC Open 2016"]
[Site "Novi Sad SRB"]
[Date "2016.11.08"]
[Round "3.7"]
[Board "3"]
[White "Vuckovic, Bojan"]
[Black "Guseinov, Gadir"]
[Result "0-1"]
[WhiteTitle "GM"]
[BlackTitle "GM"]
[WhiteElo "2584"]
[BlackElo "2629"]
[WhiteTeam "Itaka"]
[BlackTeam "Odlar Yurdu"]
[WhiteFideId "922277"]
[BlackFideId "13401378"]
[EventDate "2016.11.06"]

1. e4 c5 2. Nf3 Nc6 3. d4 cxd4 4. Nxd4 g6 5. c4 Nf6 6. Nc3 Nxd4 7. Qxd4 d6 8.
Bg5 Bg7 9. Qd2 O-O 10. Be2 Be6 11. Rc1 Qa5 12. f3 Rfc8 13. b3 a6 14. Na4 Qxd2+
15. Kxd2 Nd7 16. g4 Kf8 17. Nc3 b5 18. Nd5 Bxd5 19. cxd5 Nc5 20. Be3 b4 21. Bxc5
Bc3+ 22. Kd3 Rxc5 23. f4 Rac8 24. Rc2 h6 25. Rhc1 g5 26. f5 Kg7 27. Ke3 a5 28.
Bc4 Kf6 29. Rxc3 bxc3 30. Kd4 a4 31. Rxc3 axb3 32. axb3 Ra5 33. Rc2 Ra1 34. Rb2
Rd1+ 35. Bd3 Ra8 36. Rc2 Rb8 37. Rb2 Rb4+ 38. Kc3 Rb7 39. Kd4 Ra7 40. Rc2 Rb7
41. Rb2 Rb4+ 42. Kc3 Rb8 43. Kd4 h5 44. gxh5 Rh8 45. b4 Rxh5 46. b5 Rh3 47. Rb3
Rxh2 48. b6 Rh8 49. e5+ dxe5+ 50. Kc5 g4 51. b7 g3 52. Be4 Rd4 53. Bg2 Rd2 54.
Rxg3 Rb8 55. d6 exd6+ 56. Kc6 d5 57. Kc7 Rf8 58. Bf1 Rc2+ 59. Kb6 Rb2+ 60. Kc7
e4 61. Ra3 Ke5 62. Ra5 e3 63. Bb5 Kf4 64. Bd3 e2 65. Bxe2 Rxe2 66. b8=Q Rc2+ 67.
Kb7+ Rxb8+ 68. Kxb8 d4 69. Rd5 Ke4 70. Rd7 f6 71. Kb7 Rc5 0-1

[Event "32nd ECC Open 2016"]
[Site "Novi Sad SRB"]
[Date "2016.11.08"]
[Round "3.7"]
[Board "4"]
[White "Sutovsky, Emil"]
[Black "Szuhanek, Ranko"]
[Result "1-0"]
[WhiteTitle "GM"]
[BlackTitle "IM"]
[WhiteElo "2625"]
[BlackElo "2496"]
[WhiteTeam "Odlar Yurdu"]
[BlackTeam "Itaka"]
[WhiteFideId "2802007"]
[BlackFideId "1202600"]
[EventDate "2016.11.06"]

1. e4 c5 2. Nf3 d6 3. d4 cxd4 4. Nxd4 Nf6 5. Nc3 a6 6. h3 e5 7. Nb3 Be6 8. f4
Be7 9. f5 Bc8 10. g4 h6 11. a4 Nc6 12. Bg2 Nb4 13. Be3 Bd7 14. Ne2 b5 15. a5 Qc7
16. c3 Nc6 17. Ng3 b4 18. Bb6 Qb7 19. c4 Nb8 20. c5 dxc5 21. Nxc5 Qc8 22. Nd3
Nc6 23. h4 Rb8 24. g5 hxg5 25. hxg5 Rxh1+ 26. Bxh1 Nh7 27. Qh5 Nf8 28. Qh8 Rxb6
29. axb6 Qb7 30. Qxg7 Qxb6 31. Kd2 Na5 32. Rxa5 Qxa5 33. g6 fxg6 34. fxg6 b3+
35. Ke2 Qc7 36. Qf7+ Kd8 37. g7 Qc2+ 38. Ke1 Qb1+ 39. Kf2 Qc2+ 40. Ne2 Bh4+ 41.
Kg1 Ne6 42. g8=Q+ Kc7 43. Nc3 Qxd3 44. Nd5+ 1-0

[Event "32nd ECC Open 2016"]
[Site "Novi Sad SRB"]
[Date "2016.11.08"]
[Round "3.7"]
[Board "5"]
[White "Nenezic, Marko"]
[Black "Durarbayli, Vasif"]
[Result "1/2-1/2"]
[WhiteTitle "IM"]
[BlackTitle "GM"]
[WhiteElo "2479"]
[BlackElo "2606"]
[WhiteTeam "Itaka"]
[BlackTeam "Odlar Yurdu"]
[WhiteFideId "912123"]
[BlackFideId "13402935"]
[EventDate "2016.11.06"]

1. Nf3 c5 2. c4 Nf6 3. Nc3 e6 4. g3 b6 5. Bg2 Bb7 6. O-O Be7 7. b3 O-O 8. Bb2 a6
9. Rc1 d6 10. d4 cxd4 11. Nxd4 Bxg2 12. Kxg2 Qc7 13. e3 Nbd7 14. Rc2 Rac8 15.
Qe2 Qb7+ 16. Qf3 Qc7 17. Qe2 Qb7+ 18. Qf3 Qc7 19. Qe2 1/2-1/2

[Event "32nd ECC Open 2016"]
[Site "Novi Sad SRB"]
[Date "2016.11.08"]
[Round "3.7"]
[Board "6"]
[White "Abasov, Nijat"]
[Black "Vucinic, Gojko"]
[Result "1-0"]
[WhiteTitle "GM"]
[WhiteElo "2565"]
[BlackElo "2426"]
[WhiteTeam "Odlar Yurdu"]
[BlackTeam "Itaka"]
[WhiteFideId "13402960"]
[BlackFideId "945374"]
[EventDate "2016.11.06"]

1. Nf3 Nf6 2. c4 g6 3. Nc3 d5 4. cxd5 Nxd5 5. Qb3 Nb6 6. d4 Bg7 7. e4 Bg4 8.
Bb5+ c6 9. Ng5 O-O 10. Be2 Bxe2 11. Nxe2 Na6 12. Qh3 h5 13. Rg1 Nb4 14. g4 Nc2+
15. Kf1 Qd7 16. Rb1 c5 17. d5 e6 18. gxh5 exd5 19. Qxd7 Nxd7 20. exd5 gxh5 21.
Ng3 Rfe8 22. Bd2 Nf6 23. Nf5 Nd4 24. Nxg7 Kxg7 25. b4 Nxd5 26. bxc5 Kf6 27. Rg3
h4 28. Rd3 Ne6 29. Rxd5 1-0

[Event "32nd ECC Open 2016"]
[Site "Novi Sad SRB"]
[Date "2016.11.08"]
[Round "3.8"]
[Board "1"]
[White "Postny, Evgeny"]
[Black "Predojevic, Borki"]
[Result "1/2-1/2"]
[WhiteTitle "GM"]
[BlackTitle "GM"]
[WhiteElo "2616"]
[BlackElo "2636"]
[WhiteTeam "Beer Sheva Chess Club"]
[BlackTeam "Vaalerenga Chess Club"]
[WhiteFideId "2804344"]
[BlackFideId "930849"]
[EventDate "2016.11.06"]

1. d4 e6 2. c4 Nf6 3. Nf3 d5 4. Bg5 Nbd7 5. e3 h6 6. Bh4 Be7 7. Nc3 O-O 8. Qc2
c6 9. Rd1 b6 10. Bd3 Bb7 11. O-O c5 12. cxd5 Nxd5 13. Bxe7 Qxe7 14. Nxd5 Bxd5
15. Bh7+ Kh8 16. Be4 Nf6 17. Bxd5 exd5 18. dxc5 bxc5 19. Rd3 a5 20. b3 a4 21.
Rc1 axb3 22. axb3 Rfc8 23. h3 Rc7 24. Nd2 Rac8 25. Rc3 Kg8 26. Qf5 g6 27. Qd3
Kg7 28. R3c2 Kg8 29. Ra2 Ra7 30. Rxa7 Qxa7 31. Qc3 Qb6 32. Ra1 Kg7 33. Ra4 Qe6
34. Qa1 Rd8 35. Nf3 d4 36. exd4 Qxb3 37. Ra3 Qb4 38. Ra4 Qb3 39. Ra3 Qb4 40.
dxc5 Qxc5 41. Ra6 Rd6 42. Rxd6 Qxd6 1/2-1/2

[Event "32nd ECC Open 2016"]
[Site "Novi Sad SRB"]
[Date "2016.11.08"]
[Round "3.8"]
[Board "2"]
[White "Romanov, Evgeny"]
[Black "Roiz, Michael"]
[Result "1/2-1/2"]
[WhiteTitle "GM"]
[BlackTitle "GM"]
[WhiteElo "2633"]
[BlackElo "2605"]
[WhiteTeam "Vaalerenga Chess Club"]
[BlackTeam "Beer Sheva Chess Club"]
[WhiteFideId "4148843"]
[BlackFideId "2804158"]
[EventDate "2016.11.06"]

1. d4 Nf6 2. c4 e6 3. Nc3 Bb4 4. Nf3 b6 5. e3 Bb7 6. Bd3 c5 7. O-O O-O 8. Na4
cxd4 9. a3 Bd6 10. exd4 Nc6 11. Nc3 Ne7 12. Bg5 Ng6 13. d5 exd5 14. Bxg6 fxg6
15. cxd5 h6 16. Bh4 g5 17. Bg3 Bxg3 18. hxg3 Re8 19. Qd3 d6 20. Rfd1 Rc8 21. Qg6
Qd7 22. Nd4 Kh8 23. Nf5 Re5 24. g4 Rf8 25. f3 Nxd5 26. Nxd5 Bxd5 27. Qxd6 Qxd6
28. Nxd6 Rf6 29. Nc8 Rf7 30. Re1 Rxe1+ 1/2-1/2

[Event "32nd ECC Open 2016"]
[Site "Novi Sad SRB"]
[Date "2016.11.08"]
[Round "3.8"]
[Board "3"]
[White "Huzman, Alexander"]
[Black "Tari, Aryan"]
[Result "1/2-1/2"]
[WhiteTitle "GM"]
[BlackTitle "GM"]
[WhiteElo "2567"]
[BlackElo "2572"]
[WhiteTeam "Beer Sheva Chess Club"]
[BlackTeam "Vaalerenga Chess Club"]
[WhiteFideId "2803828"]
[BlackFideId "1510045"]
[EventDate "2016.11.06"]

1. Nf3 Nf6 2. c4 c5 3. Nc3 d5 4. cxd5 Nxd5 5. e3 Nxc3 6. bxc3 g6 7. Bb5+ Bd7 8.
Be2 Bg7 9. O-O O-O 10. d4 Qa5 11. Qb3 b6 12. a4 Nc6 13. Bd2 cxd4 14. cxd4 Qf5
15. Rac1 Rac8 16. Qa3 e5 17. d5 Na5 18. Bxa5 bxa5 19. Nd2 e4 20. d6 Qd5 21. Nc4
Rfe8 22. Rfd1 Qc5 23. Qxc5 Rxc5 24. Na3 Rxc1 25. Rxc1 Re6 26. Rd1 Bf8 27. Bb5
Rxd6 28. Rxd6 Bxd6 29. Bxd7 Bxa3 30. Kf1 Kf8 1/2-1/2

[Event "32nd ECC Open 2016"]
[Site "Novi Sad SRB"]
[Date "2016.11.08"]
[Round "3.8"]
[Board "4"]
[White "Bosiocic, Marin"]
[Black "Greenfeld, Alon"]
[Result "1-0"]
[WhiteTitle "GM"]
[BlackTitle "GM"]
[WhiteElo "2586"]
[BlackElo "2562"]
[WhiteTeam "Vaalerenga Chess Club"]
[BlackTeam "Beer Sheva Chess Club"]
[WhiteFideId "14507927"]
[BlackFideId "2800039"]
[EventDate "2016.11.06"]

1. d4 Nf6 2. Nf3 g6 3. c4 Bg7 4. Nc3 d5 5. cxd5 Nxd5 6. e4 Nxc3 7. bxc3 c5 8.
Be3 O-O 9. Be2 b6 10. Rc1 e6 11. h4 Bb7 12. e5 h5 13. Rg1 Nc6 14. g4 hxg4 15.
Rxg4 Ne7 16. Bg5 Qe8 17. h5 gxh5 18. Rg1 Ng6 19. Bd3 cxd4 20. Nh4 1-0

[Event "32nd ECC Open 2016"]
[Site "Novi Sad SRB"]
[Date "2016.11.08"]
[Round "3.8"]
[Board "5"]
[White "Mikhalevski, Victor"]
[Black "Holm, Kristian Stuvik"]
[Result "1-0"]
[WhiteTitle "GM"]
[BlackTitle "IM"]
[WhiteElo "2508"]
[BlackElo "2420"]
[WhiteTeam "Beer Sheva Chess Club"]
[BlackTeam "Vaalerenga Chess Club"]
[WhiteFideId "2801914"]
[BlackFideId "1508083"]
[EventDate "2016.11.06"]

1. Nf3 c5 2. g3 Nc6 3. Bg2 g6 4. d4 cxd4 5. Nxd4 Bg7 6. Nb3 d6 7. Nc3 Nf6 8. O-O
O-O 9. h3 d5 10. Kh2 d4 11. Na4 Qc7 12. c3 dxc3 13. Nxc3 Rd8 14. Bf4 e5 15. Bd2
h6 16. Qc1 Kh7 17. Na4 Qe7 18. Nac5 Rb8 19. Rd1 b6 20. Bxc6 bxc5 21. Bg2 Bb7 22.
Nxc5 Bxg2 23. Kxg2 Rdc8 24. b4 a5 25. a3 Ne4 26. Be3 Bf8 27. Qc4 Nd6 28. Qb3 Kg8
29. g4 Nb5 30. Nd7 a4 31. Qd3 e4 32. Qd2 Nc3 33. Nxb8 Nxd1 34. Rxd1 Rxb8 35.
Bxh6 f5 36. Qd5+ Kh7 37. Bf4 1-0

[Event "32nd ECC Open 2016"]
[Site "Novi Sad SRB"]
[Date "2016.11.08"]
[Round "3.8"]
[Board "6"]
[White "Christiansen, Johan-Sebastian"]
[Black "Khmelniker, Ilya"]
[Result "1/2-1/2"]
[WhiteTitle "IM"]
[BlackTitle "GM"]
[WhiteElo "2425"]
[BlackElo "2489"]
[WhiteTeam "Vaalerenga Chess Club"]
[BlackTeam "Beer Sheva Chess Club"]
[WhiteFideId "1512668"]
[BlackFideId "2805340"]
[EventDate "2016.11.06"]

1. e4 e5 2. Nf3 Nc6 3. Bc4 Bc5 4. c3 Nf6 5. d3 O-O 6. O-O d6 7. a4 a5 8. Bg5 h6
9. Bh4 Be6 10. Nbd2 Bb6 11. Re1 Qe7 12. Rb1 Rfd8 13. Qe2 g5 14. Bg3 Nh5 15. Bd5
Qf6 16. Nc4 Ba7 17. Nfd2 Nxg3 18. hxg3 Bxd5 19. exd5 Ne7 20. d4 Nxd5 21. dxe5
dxe5 22. Nxe5 Qe6 23. Qf3 Qf6 24. Qe2 Qe6 25. Qh5 Nxc3 26. bxc3 Rxd2 27. Ng4 Qg6
28. Qxg6+ fxg6 29. Rxb7 Bb6 30. Re6 Rad8 31. Rxg6+ Kf8 32. Rxh6 R2d6 33. Rh7
Rd1+ 34. Kh2 Rc1 35. Ne5 Kg8 36. Rd7 Re8 37. Nc4 Bxf2 38. Rdxc7 Rxc3 39. Rg7+
Kh8 40. Rh7+ Kg8 41. Rbg7+ Kf8 42. Rf7+ Kg8 43. Rhg7+ Kh8 44. Rxg5 Rxc4 45. Rxf2
Rxa4 46. Rf6 Re7 47. Rf8+ Kh7 48. Ra8 Re6 49. Ra7+ Kh6 50. Rgxa5 Rxa5 51. Rxa5
Kg6 52. Kh3 Re2 53. g4 Rb2 54. Ra3 Kg5 55. Rf3 Rc2 56. Kg3 Ra2 57. Rf5+ Kg6 58.
Rf2 Ra1 59. Rb2 Rc1 60. Rb6+ Kg5 61. Rb5+ Kg6 62. Kh2 Ra1 63. Rb8 Kg5 64. Rg8+
Kf4 65. g3+ Kf3 66. Rg5 Rb1 67. Rg7 Ra1 68. Rg8 Rb1 69. g5 Kg4 70. g6 Rb2+ 71.
Kg1 Kg5 72. g4 Ra2 73. Kf1 Rb2 74. Ke1 Rg2 75. g7 Kg6 1/2-1/2

[Event "32nd ECC Open 2016"]
[Site "Novi Sad SRB"]
[Date "2016.11.08"]
[Round "3.9"]
[Board "1"]
[White "Petenyi, Tamas"]
[Black "Arnaudov, G. Petar"]
[Result "1-0"]
[WhiteTitle "IM"]
[BlackTitle "GM"]
[WhiteElo "2443"]
[BlackElo "2471"]
[WhiteTeam "SK Dunajska Streda"]
[BlackTeam "Gambit ASSECO SEE"]
[WhiteFideId "14909090"]
[BlackFideId "2907127"]
[EventDate "2016.11.06"]

1. e4 e5 2. Nf3 Nc6 3. Bb5 Nf6 4. d3 Bc5 5. c3 O-O 6. Bg5 h6 7. Bh4 Be7 8. Nbd2
d6 9. Qe2 Nh5 10. Bxe7 Nxe7 11. g3 c6 12. Ba4 Ng6 13. Bc2 f5 14. O-O-O Nf6 15.
d4 fxe4 16. Nxe4 Nxe4 17. Bxe4 Bg4 18. d5 Qf6 19. Rd3 cxd5 20. Bxd5+ Kh8 21. Qd2
Rae8 22. Re1 e4 23. Rxe4 Rxe4 24. Bxe4 Qe6 25. Bxg6 Bxf3 26. Rxd6 Qxa2 27. Bb1
Qf7 28. Qd3 Qg8 29. Qd4 1-0

[Event "32nd ECC Open 2016"]
[Site "Novi Sad SRB"]
[Date "2016.11.08"]
[Round "3.9"]
[Board "2"]
[White "Percivaldi, Martin"]
[Black "Bokros, Albert"]
[Result "1/2-1/2"]
[WhiteTitle "FM"]
[BlackTitle "IM"]
[WhiteElo "2373"]
[BlackElo "2492"]
[WhiteTeam "Gambit ASSECO SEE"]
[BlackTeam "SK Dunajska Streda"]
[WhiteFideId "1508148"]
[BlackFideId "710458"]
[EventDate "2016.11.06"]

1. Nf3 e6 2. g3 b5 3. Bg2 Bb7 4. d4 Nf6 5. O-O c5 6. c3 a6 7. Nbd2 Be7 8. Re1
Nc6 9. e4 d5 10. exd5 Nxd5 11. dxc5 Bxc5 12. Ne4 Be7 13. Bg5 O-O 14. Bxe7 Qxe7
15. Qc2 h6 16. a4 bxa4 17. Rxa4 a5 18. Nd4 Nb6 19. Nxc6 Bxc6 20. Nf6+ Qxf6 21.
Rf4 Qg5 22. Bxc6 Rac8 23. Bf3 Rfd8 24. h4 Qc5 25. Rfe4 a4 26. Rd1 Rxd1+ 27. Qxd1
Nc4 28. Qxa4 Nxb2 29. Qd7 Nc4 30. Be2 Nb6 31. Qb7 Rd8 32. Rf4 Rd7 33. Qb8+ Kh7
34. Qe8 Qc7 35. Bf3 Re7 36. Qf8 f5 37. Rd4 Rf7 38. Qe8 Re7 39. Qf8 Rf7 40. Qe8
Re7 41. Qf8 1/2-1/2

[Event "32nd ECC Open 2016"]
[Site "Novi Sad SRB"]
[Date "2016.11.08"]
[Round "3.9"]
[Board "3"]
[White "Czebe, Attila"]
[Black "Danchevski, Orce"]
[Result "1-0"]
[WhiteTitle "GM"]
[BlackTitle "IM"]
[WhiteElo "2482"]
[BlackElo "2357"]
[WhiteTeam "SK Dunajska Streda"]
[BlackTeam "Gambit ASSECO SEE"]
[WhiteFideId "705268"]
[BlackFideId "15000311"]
[EventDate "2016.11.06"]

1. Nf3 Nf6 2. g3 d6 3. Bg2 e5 4. O-O Be7 5. d4 Nbd7 6. c4 O-O 7. Nc3 c6 8. e4
Qc7 9. Rb1 Re8 10. d5 Nc5 11. Nh4 cxd5 12. cxd5 Bg4 13. Bf3 Bh3 14. Re1 Nfd7 15.
b4 Na6 16. Nb5 Qd8 17. Bg4 Bxg4 18. Qxg4 Nf6 19. Qe2 Nc7 20. Nxc7 Qxc7 21. Nf5
Qd7 22. Bg5 Rec8 23. Rbc1 Bd8 24. f4 h6 25. Bxf6 Bxf6 26. Qg4 Kf8 27. Nxh6 Qd8
28. Nf5 Qb6+ 29. Kh1 Rxc1 30. Rxc1 Qxb4 31. fxe5 Bxe5 32. Rf1 Bf6 33. Qf4 Re8
34. Qxd6+ Qxd6 35. Nxd6 Re7 36. Rc1 Kg8 37. Kg2 Rd7 38. Rc8+ Kh7 39. Nc4 Bd4 40.
Nd2 Bb6 41. Nf3 f6 42. h4 Re7 43. e5 fxe5 44. Ng5+ Kg6 45. Kf3 Rc7 46. Rxc7 Bxc7
47. Ke4 b5 48. Ne6 Bd6 49. g4 a5 50. h5+ Kf7 51. Nd8+ Kf6 52. g5+ Kxg5 53. Nf7+
Kf6 54. Nxd6 b4 55. Ne8+ Kf7 56. Nxg7 a4 57. Nf5 b3 58. axb3 a3 59. Ne3 1-0